000 01453nam a22003977a 4500
003 CHAP
005 20240201062652.0
008 971013s1992 r 00010 d
010 _a8390
011 _a9362
035 _a8597
040 _cCHAP
090 _aTesis
100 0 0 _aAyala Oseguera, José.
_98966
245 _aEfecto de la adición de Saccharomyces cerevisiae y de una mezcla de maleza-urea en el valor nutricional de la paja de cártamo (Carthamus tinctorius) en ovinos
260 _aMontecillo, Méx. :
_bEl autor,
_c1992
300 _a127 h
502 _aTesis (M.C. Esp. en Ganadería) -- C.P. Centro de Ganadería
590 _aALEPH
_b10
_c20130110
_lUCH01
_h1222
590 _aBATCH-UPD
_b10
_c20130110
_lUCH01
_h0018
590 _aBATCH-UPD
_b10
_c20130110
_lUCH01
_h1157
590 _aBATCH-UPD
_b10
_c20130409
_lUCH01
_h1957
590 _aBATCH-UPD
_b10
_c20130410
_lUCH01
_h0740
590 _aBATCH-UPD
_b10
_c20130914
_lUCH01
_h0500
590 _aCONVERSION
_b10
_c20130109
_lUCH01
_h1306
650 1 4 _aGanado lanar
_xNutrición.
_945205
650 1 4 _aMelaza en alimentación animal.
_974315
650 1 4 _aPaja como forraje.
_984769
650 1 4 _aPaja de azafrancillo.
_984772
650 1 7 _aSaccharomyces cerevisiae
_2
_9101125
650 1 4 _aUrea en alimentación animal.
_9116890
901 _aBK
942 _cFOLL
949 _bBC
_cTES
_d-18853
_eTS1
_h25737
_i8597
_mD
_si
949 _bBC
_cTES
_d-18855
_eTS2
_fc.2
_h25738
_i8597
_mD
_si
999 _c8390
_d8390